000
00336nam a22001457a 4500
008
230626b ||||| |||| 00| 0 eng d
020
_a
9780803603448.
041
_a
eng
080
_2
SECOND EDITION
_a
61
082
_a
61GYL
100
_a
4
101
_a
MJP
245
_a
MEDICAL TERMINOLOGY SIMPLIFIED
_c
GYLYS.A.B
942
_2
udc
_c
BK
999
_c
60036
_d
60036